00427nam a2200121Ia 4500008004100000245008500041245001700126260000900143650001000152856005100162999001900213952007300232171211s9999 xx 000 0 und d aSchool Music Education and Social Change in Mainland China, Hong Kong and Taiwan cWai-chung Ho c2010 xmusic uhttp://down.ebook777.com/063/9789004189171.pdf c348634d348634 001040aCLbCLd2017-12-11l0r2017-12-11 00:00:00w2017-12-11yCBE